000 00575nam a2200181Ia 4500
003 GCL
008 140319s9999 xx 000 0 ara d
040 _aGCL /
_cGCL
082 0 4 _a747
_bع ت
100 1 _aعدلى محمدعبد الهادى
245 1 0 _aتكنولوجيا الديكور /
_cعدلى محمدعبد الهادى
260 _aالاردن :
_bدار المستقبل للنشر والتوزيع ،
_c2002
300 _a93 ص ؛
_c24 سم
650 0 4 _aالديكور
650 0 4 _aالخشب
650 0 4 _aالاثاث - تصميم
942 _2ddc
_cBK
999 _c5281
_d5281